00618nam a2200193Ia 450000500170000000800410001702000100005804000190006804100120008708200180009924500890011726000310020630000110023765000220024885000110027094200070028199900170028895201190030520240217112536.0131103s9999 xx 000 0 und d cRs.70 aLoreto College aEnglish a370.954 bBHA aEducational Documents in India 1813 - 1986, cEdited by B D Bhatt and J C Aggarwal aNew DelhibArya Book Depot a378p.  aEducation - India aLCLIB  cBK c21090d71569 00102ddc4070aMAINbMAINd2013-11-04l3o370.954 BHA 34040pB23168r2018-01-05s2018-01-05w2013-11-04yBKf